Tin học 10
Nội dung giới thiệu một số khái niệm cơ bản của tin học, hệ điều hành, soạn thảo văn bản, mạng máy tính và Internet.
Đã lưu trong:
| 主要作者: | |
|---|---|
| 格式: | 图书 |
| 语言: | Undetermined |
| 出版: |
Hà Nội
Giáo dục
2013
|
| 主题: | |
| 标签: |
添加标签
没有标签, 成为第一个标记此记录!
|
| Thư viện lưu trữ: | Trung tâm Học liệu Trường Đại học Cần Thơ |
|---|
| LEADER | 00717nam a2200205Ia 4500 | ||
|---|---|---|---|
| 001 | CTU_182363 | ||
| 008 | 210402s9999 xx 000 0 und d | ||
| 020 | |c 8500 | ||
| 082 | |a 005.0712 | ||
| 082 | |b Đ104 | ||
| 100 | |a Hồ, Sĩ Đàm | ||
| 245 | 0 | |a Tin học 10 | |
| 245 | 0 | |c Hồ Sĩ Đàm ( chủ biên ) ... [et al.] | |
| 260 | |a Hà Nội | ||
| 260 | |b Giáo dục | ||
| 260 | |c 2013 | ||
| 520 | |a Nội dung giới thiệu một số khái niệm cơ bản của tin học, hệ điều hành, soạn thảo văn bản, mạng máy tính và Internet. | ||
| 650 | |a Computers,Tin học | ||
| 904 | |i Bằng | ||
| 980 | |a Trung tâm Học liệu Trường Đại học Cần Thơ | ||